00429nam a2200133Ia 450000500170000000800410001702000180005808200130007610000130008924500650010226000650016730000130023250000500024520250528030417.0240331s9999 xx 000 0 und d a9789551274412 bPERa303 aPerera,J 0aAdura vinivida :bSri Lankawe jana wargika arbuudaya 2006-08 aColombobSri Lanka National Peace Council of Sri Lankac2008 a380 p ., aAn Analysis of the ethnic crisis in Sri Lanka